LEADER 01169nam a2200229 i 4500 001 000000233530 003 CaOOAMICUS 005 20140922000000.0 008 140922s1913 it u000 u ita u 013 $a212433 040 $aSeMil$bita 100 1 $aPadovan, Adolfo.$0(OLS)http://semarc/name/62494 245 10$aEpigrafia italiana moderna :$biscrizioni onorarie e storiche, iscrizioni sepolcrali di uomini, di donne, di adolescenti e di bambini, iscrizioni bibliografiche e dedicatorie /$cAdolfo Padovan. 260 $aMilano :$bUlrico Hoepli,$c1913. 300 $aXVI, 270 p. ;$c16 cm. 490 0 $aManuali Hoepli ;$v. 650 4$aEpigrafia italiana.$0(OLS)http://semarc/subject/38662 830 0$aManuali Hoepli ;$v.$0(OLS)http://semarc/title/7639 850 $aSeMil 852 $aSeMil$W1$xVenegono$y1$m2ZB I 50 FA$j183876$B183876$CSeMilBibl$Z2$F194621 $8I 996 $6245$aEpigrafia italiana moderna :$biscrizioni onorarie e storiche, iscrizioni sepolcrali di uomini, di donne, di adolescenti e di bambini, iscrizioni bibliografiche e dedicatorie$9(OLS)http://semarc/title/333248 996 $6260$aMilano :$bUlrico Hoepli$9(OLS)http://semarc/publisher/29765 LEADER 01106nam a2200265 i 4500 001 000000114967 003 CaOOAMICUS 005 20030507000000.0 008 030507s1994 sp u000 u spa u 013 $a87655 020 $a84-7151-977-1 040 $aSeMil$bita 245 10$aNacido a tiempo :$buna vida de Pablo, el apóstol /$cJordi Sánchez Bosch. 260 $aEstella :$bVerbo Divino,$c1994. 300 $a318 p. ;$c22 cm. 500 $aIn preliminari : dedica autografa dell'autore. - Fondo Card. C.M. Martini. 650 4$aPaolo - Biografie.$0(OLS)http://semarc/subject/4834 650 4$aPaolo - Studi.$0(OLS)http://semarc/subject/4742 850 $aSeMil 852 $aSeMil$W1$xVenegono$y1$m2W I 80$j70508$B70508$CSeMilBibl$Z2$F104633 $81 941 1 $a4 961 $aOmaggio: Martini Card. Carlo Maria 996 $6020$a84-7151-977-1$9(OLS)http://semarc/number/98525 996 $6245$aNacido a tiempo :$buna vida de Pablo, el apóstol$9(OLS)http://semarc/title/168214 996 $6260$aEstella :$bVerbo Divino$9(OLS)http://semarc/publisher/32054